[Event "Reykjavik Open 2018"]
[Site "Reykjavik ISL"]
[Date "2018.03.13"]
[Round "8.114"]
[White "Kvamme, Ingrid Jodre"]
[Black "Moller, Tomas"]
[Result "1-0"]
[WhiteElo "1576"]
[BlackElo "1071"]
[WhiteFideId "1516981"]
[BlackFideId "2315343"]
[EventDate "2018.03.06"]

1. Nf3 d5 2. g3 Nc6 3. Bg2 e5 4. d3 f5 5. b3 Nf6 6. c4 d4 7. O-O Bb4 8. a3 Be7
9. e3 dxe3 10. Bxe3 O-O 11. Nc3 a5 12. Qc2 Ng4 13. Bd2 Bc5 14. h3 Nf6 15. Rfe1
Re8 16. Nb5 Na7 17. Nxa7 Rxa7 18. Nxe5 Qd4 19. Bc3 Qd6 20. Qb2 Qb6 21. b4 axb4
22. axb4 Rxa1 23. Rxa1 Bf8 24. c5 Qe6 25. Re1 Qe7 26. Nf3 Be6 27. Ng5 Qd7 28.
Bxf6 gxf6 29. Nxe6 Rxe6 30. Qb3 Kf7 31. Bd5 Kg6 32. Bxe6 1-0

[Event "Reykjavik Open 2018"]
[Site "Reykjavik ISL"]
[Date "2018.03.13"]
[Round "8.115"]
[White "Jonasson, Hordur"]
[Black "Steinthorsson, Birgir Logi"]
[Result "1-0"]
[WhiteElo "1539"]
[BlackElo "1062"]
[WhiteFideId "2311224"]
[BlackFideId "2312093"]
[EventDate "2018.03.06"]

1. e4 e5 2. Nf3 Nc6 3. Bb5 d6 4. h3 Nf6 5. d3 a6 6. Ba4 Bd7 7. O-O g6 8. Bg5 Bg7
9. Nc3 h6 10. Bxf6 Bxf6 11. Nd5 O-O 12. Nxf6+ Qxf6 13. Qd2 Kg7 14. Nh2 b5 15.
Bb3 Rae8 16. f4 exf4 17. Rxf4 Qxb2 18. Raf1 Qd4+ 19. Kh1 f6 20. c3 Qe5 21. Bd5
g5 22. R4f2 Ne7 23. Nf3 Qg3 24. Bb3 h5 25. Nh2 Kg6 26. Rf3 Qe5 27. Re1 g4 28.
Rf4 Qg5 29. Ref1 gxh3 30. gxh3 Bxh3 31. Rg1 Bg4 32. Nxg4 hxg4 33. Rgxg4 Rh8+ 34.
Kg1 Ref8 35. Rxg5+ Kxg5 36. Rf2+ Kg6 37. Rg2+ Kh7 38. Qe3 Ng8 39. Bxg8+ 1-0

[Event "Reykjavik Open 2018"]
[Site "Reykjavik ISL"]
[Date "2018.03.13"]
[Round "8.116"]
[White "Olafsson, Arni"]
[Black "Morgan, George"]
[Result "0-1"]
[WhiteElo "1231"]
[BlackElo "1536"]
[WhiteFideId "2313510"]
[BlackFideId "3227340"]
[EventDate "2018.03.06"]

1. e4 c5 2. Nf3 d6 3. d4 cxd4 4. Nxd4 Nf6 5. Nc3 a6 6. Be3 e5 7. Nb3 Be6 8. f3
Be7 9. Qd2 b5 10. O-O-O O-O 11. g4 Nbd7 12. g5 Ne8 13. h4 Rc8 14. h5 b4 15. Nb1
a5 16. g6 a4 17. Na1 b3 18. h6 fxg6 19. hxg7 Rxf3 20. Qe2 Rxe3 21. Qg2 Bg5 22.
Nd2 bxc2 23. Nxc2 Qc7 0-1

[Event "Reykjavik Open 2018"]
[Site "Reykjavik ISL"]
[Date "2018.03.13"]
[Round "8.117"]
[White "Thorisson, Benedikt"]
[Black "Alexandersson, Orn"]
[Result "1/2-1/2"]
[WhiteElo "1214"]
[BlackElo "1466"]
[WhiteFideId "2314576"]
[BlackFideId "2315912"]
[EventDate "2018.03.06"]

1. e4 e6 2. d4 d5 3. e5 c5 4. c3 Nc6 5. Nf3 Qb6 6. a3 cxd4 7. cxd4 Nge7 8. Bd3
Bd7 9. Bc2 f6 10. Nc3 fxe5 11. Na4 Qc7 12. Nxe5 Nxe5 13. Bf4 N7c6 14. Qh5+ Kd8
15. Qg5+ Ke8 16. Qh5+ Kd8 17. Qg5+ Ke8 18. Qh5+ 1/2-1/2

[Event "Reykjavik Open 2018"]
[Site "Reykjavik ISL"]
[Date "2018.03.13"]
[Round "8.121"]
[White "Hestnes, Thomas Due"]
[Black "Mancini, Pietro"]
[Result "0-1"]
[WhiteElo "1425"]
[BlackElo "1020"]
[WhiteFideId "1542281"]
[BlackFideId "2854541"]
[EventDate "2018.03.06"]

1. e4 e5 2. Nf3 Nc6 3. Bc4 Bc5 4. O-O Nf6 5. c3 d6 6. d4 Bb6 7. Bg5 O-O 8. dxe5
Nxe5 9. Nxe5 dxe5 10. Qxd8 Rxd8 11. Bxf6 gxf6 12. Na3 Bg4 13. h3 Bh5 14. Nc2 Rd2
15. Rac1 Rad8 16. b4 Be2 17. Bxe2 Rxe2 18. Ne1 Rdd2 19. Nf3 Bxf2+ 20. Rxf2 Rxf2
21. Nxd2 Rxd2 22. a4 Kg7 23. Kf1 Kg6 24. Re1 f5 25. exf5+ Kxf5 26. Re2 Rxe2 27.
Kxe2 Ke4 28. g4 Kf4 29. Kf2 h6 30. c4 Ke4 31. Kg3 Kd3 32. c5 e4 33. Kf2 Kd2 0-1

[Event "Reykjavik Open 2018"]
[Site "Reykjavik ISL"]
[Date "2018.03.14"]
[Round "9.1"]
[White "Yilmaz, Mustafa"]
[Black "Adhiban, Baskaran"]
[Result "1/2-1/2"]
[WhiteTitle "GM"]
[BlackTitle "GM"]
[WhiteElo "2619"]
[BlackElo "2650"]
[WhiteFideId "6302718"]
[BlackFideId "5018471"]
[EventDate "2018.03.06"]

1. d4 d5 2. c4 e6 3. Nf3 c6 4. Nbd2 f5 5. g3 Nf6 6. Bg2 Bd6 7. Ne5 O-O 8. O-O b6
9. Ndf3 Ne4 10. Bf4 Qe7 11. Rc1 Bb7 12. Nd3 Bxf4 13. gxf4 Nd7 14. Nfe5 Nxe5 15.
Nxe5 c5 16. cxd5 Bxd5 17. dxc5 bxc5 18. b3 Nf6 19. e3 Rac8 20. Qe2 Rfd8 21. Rfd1
Qb7 22. Bxd5 exd5 23. Rc2 Rc7 24. Rdc1 Rdc8 25. Qd3 g6 26. f3 Qb6 27. Kf2 Qe6
28. Qb5 Qe7 29. Qd3 Qe6 30. Qb5 Qe7 31. Qd3 1/2-1/2

[Event "Reykjavik Open 2018"]
[Site "Reykjavik ISL"]
[Date "2018.03.14"]
[Round "9.2"]
[White "Rapport, Richard"]
[Black "Stefansson, Hannes"]
[Result "1/2-1/2"]
[WhiteTitle "GM"]
[BlackTitle "GM"]
[WhiteElo "2715"]
[BlackElo "2533"]
[WhiteFideId "738590"]
[BlackFideId "2300087"]
[EventDate "2018.03.06"]

1. d4 d5 2. c4 e6 3. Nc3 Bb4 4. e3 Nf6 5. a3 Bxc3+ 6. bxc3 c6 7. a4 O-O 8. Nf3
b6 9. a5 Ba6 10. axb6 axb6 11. Bd3 Qc8 12. O-O Nbd7 13. Nd2 e5 14. Bb2 c5 15.
Re1 Re8 16. Bf1 Qb7 17. Qb3 Ne4 18. Nxe4 dxe4 19. Qc2 f5 20. Ra3 Qc7 21. d5 Nf6
22. Rea1 Bb7 23. f3 Rxa3 24. Rxa3 exf3 25. Qxf5 fxg2 26. Bxg2 Bc8 27. Qg5 Bg4
28. Ra1 Be2 29. Bh3 Kh8 30. Be6 e4 31. Bc1 Qb7 32. Ra2 Bxc4 33. Rf2 b5 34. Ba3
Qe7 35. Bxc5 Qxc5 36. Rxf6 Qe7 37. Rf5 Qxg5+ 38. Rxg5 g6 39. Rg4 Bd3 40. Rf4 Rd8
41. h4 Kg7 42. Kh2 Bc4 43. Rxe4 Kf6 44. Rd4 Ke5 45. e4 Ra8 46. Bh3 Ra2+ 47. Bg2
h6 48. Kg3 Ra6 49. Bf3 g5 50. hxg5 hxg5 51. Kg4 Ra1 52. Rd2 Rg1+ 53. Bg2 Bf1 54.
d6 Bxg2 55. d7 Bxe4+ 56. Kh5 Rh1+ 57. Kxg5 Rg1+ 58. Kh6 Rg6+ 59. Kh5 Rg8 60.
d8=Q Rxd8 61. Rxd8 Kf4 62. Rb8 Bd3 63. Re8 Be4 64. Re7 Bd3 65. Kh6 Be4 66. Kg7
Ke3 67. Kf6 Kd3 68. Ke5 Bg2 69. Rg7 Bf1 70. Rc7 Bg2 71. Kd6 Kc2 72. Ke5 Kd3 73.
Rc8 Bf1 74. Kd6 Bg2 75. Rc5 Kc2 76. Ke5 Kd3 77. Kf4 Bf1 78. Kf3 Be2+ 79. Kf4 Bf1
80. Rc7 Bg2 81. Rg7 Bh1 82. Rh7 Bg2 83. Rg7 Bh1 84. Rg1 Bb7 85. Rg3+ Kc4 86. Rg7
Bh1 87. Rc7+ Kd3 88. Rc5 Bg2 89. Rg5 Bh1 90. Rh5 Bg2 91. Rg5 Bh1 92. Rc5 Bg2 93.
Kg3 Be4 94. Kg4 Bg2 95. Kf5 Bf3 96. Rc8 Bg2 97. Ke5 Bf1 98. Rc6 Bg2 99. Rg6 Bh1
100. Rg1 Bb7 101. Rg3+ Kc4 102. Rg7 Bf3 103. Kf4 Bh1 104. Rh7 Bg2 105. Kg3 Bd5
106. Rd7 Bg8 107. Rd8 Bf7 108. Rf8 Be6 1/2-1/2

[Event "Reykjavik Open 2018"]
[Site "Reykjavik ISL"]
[Date "2018.03.14"]
[Round "9.3"]
[White "Vaibhav, Suri"]
[Black "Eljanov, Pavel"]
[Result "1/2-1/2"]
[WhiteTitle "GM"]
[BlackTitle "GM"]
[WhiteElo "2544"]
[BlackElo "2713"]
[WhiteFideId "5045185"]
[BlackFideId "14102951"]
[EventDate "2018.03.06"]

1. d4 Nf6 2. c4 e6 3. Nc3 Bb4 4. Qc2 O-O 5. a3 Bxc3+ 6. Qxc3 d6 7. g3 Bd7 8. Bg2
Bc6 9. f3 d5 10. Nh3 b6 11. O-O Bb7 12. cxd5 exd5 13. Bf4 c5 14. dxc5 d4 15. Qc2
Na6 16. c6 Rc8 17. Rad1 Rxc6 18. Qa4 Qe7 19. Qxd4 Qxe2 20. Rfe1 Qc2 21. Re7 Nc5
22. Qd2 Qa4 23. b4 Ncd7 24. Ng5 Rc2 25. Qe1 Qxa3 26. Ne4 Bc6 27. Nf2 Nd5 28.
Rxd5 Bxd5 29. Rxd7 Bc6 30. Rd3 Qa2 31. Rd2 Re8 32. Ne4 f5 33. Qd1 Rxd2 34. Nxd2
a5 35. Bf1 Bd5 36. bxa5 bxa5 37. Bd3 a4 38. Bxf5 a3 39. Qa4 Bf7 40. Qd4 Qb2 41.
Qxb2 axb2 42. Kf2 Bg6 43. Bxg6 hxg6 44. Nb1 Rc8 45. Be5 Rc2+ 46. Ke3 Rxh2 47.
Kd3 g5 48. Kc3 Kf7 49. Bd4 Rg2 50. g4 Rg3 51. Kxb2 Rxf3 52. Nd2 Rd3 53. Bc3 Rg3
54. Nc4 Rg2+ 55. Kc1 g6 56. Ne3 Re2 57. Bd4 Ke6 58. Kd1 Ra2 59. Ke1 Rh2 60. Bc3
Ra2 61. Nd1 Rg2 62. Nf2 Rg3 63. Bd2 Ke5 64. Ke2 Ke6 65. Ba5 Ra3 66. Bd8 Rg3 67.
Bb6 Kd5 68. Bc7 Ra3 69. Bd8 Ra2+ 70. Kf3 Ra3+ 71. Kg2 Ke5 72. Bxg5 Rb3 73. Bc1
Ke6 74. Bd2 Ra3 75. Kf1 Kd5 76. Ke2 Ra2 77. Ke3 Ra4 78. Kf3 Ra2 79. Be3 Ke6 80.
Kf4 Ra5 81. Nd3 Ra3 82. Nf2 Ra5 83. Kf3 Ra4 84. Nd3 Kf7 85. Bc1 Kg8 86. Bb2 Rc4
87. Bc1 Rc3 88. Ke3 Rc4 89. Kf3 Rc3 90. Ke3 Rc4 91. g5 Ra4 92. Ne5 Ra1 93. Bd2
Kg7 94. Ke4 Rd1 95. Bc3 Kh7 96. Bd4 Rd2 97. Kd5 Rd1 98. Nc6 Rc1 99. Bf6 Kg8 100.
Ne5 Rd1+ 101. Ke6 Re1 102. Be7 Kg7 103. Kd7 Rd1+ 104. Bd6 Rg1 105. Nf3 Rf1 106.
Nd4 Kf7 107. Ne6 Re1 108. Nd8+ Kg7 109. Bc7 Kg8 110. Nc6 Kf7 111. Be5 Rg1 112.
Bf6 Rd1+ 113. Bd4 Rd2 114. Kd6 Rd1 115. Kd5 Rf1 116. Ne5+ Kg7 117. Bc3 Rc1 118.
Bd4 Rd1 119. Ng4+ Kg8 120. Nf2 Re1 121. Ne4 Kf7 122. Nd6+ Kg8 123. Be5 Rg1 124.
Bf6 Re1 125. Nc4 Rc1 126. Ne5 Rd1+ 127. Ke4 Re1+ 128. Kd3 Kh7 129. Kd4 Rd1+ 130.
Kc5 Rd2 131. Kc6 Rd1 132. Nf7 Kg8 133. Nd6 Kf8 134. Kd7 Re1 135. Nc4 Kg8 136.
Kd6 Rc1 137. Ne3 Kf7 138. Kd5 Re1 139. Ng4 Rd1+ 140. Bd4 Kg8 141. Ke5 Kf7 142.
Nh6+ Kg7 143. Ke4+ 1/2-1/2

[Event "Reykjavik Open 2018"]
[Site "Reykjavik ISL"]
[Date "2018.03.14"]
[Round "9.4"]
[White "Sundararajan, Kidambi"]
[Black "Cornette, Matthieu"]
[Result "1/2-1/2"]
[WhiteTitle "GM"]
[BlackTitle "GM"]
[WhiteElo "2427"]
[BlackElo "2620"]
[WhiteFideId "5005370"]
[BlackFideId "620084"]
[EventDate "2018.03.06"]

1. d4 Nf6 2. c4 e6 3. Nc3 Bb4 4. e3 O-O 5. Bd2 d5 6. Nf3 b6 7. cxd5 exd5 8. Rc1
a6 9. Qb3 c5 10. Be2 Be6 11. O-O Nc6 12. Qc2 c4 13. Ne5 Ne7 14. Bf3 Rc8 15. Qa4
Bd6 16. Ne2 Bxe5 17. dxe5 Nd7 18. Bc3 Qc7 19. Qa3 Ng6 20. Rcd1 Ndxe5 21. Bxd5
Nd3 22. Be4 Nc5 23. Ng3 Ne5 24. Bd4 Ned7 25. Qc3 f6 26. Bf5 b5 27. b3 cxb3 28.
Bxe6+ Nxe6 29. Qxb3 Rfe8 30. Nf5 g6 31. Ng3 Kg7 32. Ne4 Nxd4 33. Rxd4 Rxe4 34.
Rxe4 Nc5 35. Qc2 Nxe4 36. Qxe4 Qd7 37. h3 Rc4 38. Qb1 Qd2 39. Rd1 Qc2 40. Qb3 b4
41. Rd7+ Kh6 42. Ra7 Qe2 43. Kh2 f5 44. a3 a5 1/2-1/2

[Event "Reykjavik Open 2018"]
[Site "Reykjavik ISL"]
[Date "2018.03.14"]
[Round "9.5"]
[White "Cornette, Deimante"]
[Black "Landa, Konstantin"]
[Result "1/2-1/2"]
[WhiteTitle "IM"]
[BlackTitle "GM"]
[WhiteElo "2447"]
[BlackElo "2613"]
[WhiteFideId "12802859"]
[BlackFideId "4101685"]
[EventDate "2018.03.06"]

1. e4 e6 2. d4 d5 3. Nd2 c5 4. exd5 Qxd5 5. Ngf3 cxd4 6. Bc4 Qd8 7. O-O Nc6 8.
Nb3 a6 9. Nbxd4 Nxd4 10. Nxd4 Qc7 11. Bb3 Bd6 12. Qh5 Nf6 13. Qh4 Bd7 14. Bg5
O-O-O 15. Rad1 h6 16. Bxf6 gxf6 17. Rd3 Kb8 18. Rc3 Qa5 19. Qxf6 Qg5 20. Qxf7
Rhf8 21. Nxe6 Bxe6 22. Qxe6 Bc5 23. Qe1 Rxf2 24. Rxf2 Bxf2+ 25. Kxf2 Rd2+ 26.
Kf3 Qxg2+ 27. Ke3 Qg5+ 28. Kf3 Qf5+ 29. Kg3 Qg6+ 30. Kf3 Qh5+ 31. Ke3 Qg5+ 32.
Kf3 Qg2+ 1/2-1/2

[Event "Reykjavik Open 2018"]
[Site "Reykjavik ISL"]
[Date "2018.03.14"]
[Round "9.7"]
[White "Ramirez, Alejandro"]
[Black "Perelshteyn, Eugene"]
[Result "1/2-1/2"]
[WhiteTitle "GM"]
[BlackTitle "GM"]
[WhiteElo "2568"]
[BlackElo "2513"]
[WhiteFideId "6500617"]
[BlackFideId "2012529"]
[EventDate "2018.03.06"]

1. d4 Nf6 2. Nf3 e6 3. g3 b5 4. Bg2 Bb7 5. O-O Na6 6. c3 c5 7. Bg5 Be7 8. Nbd2
O-O 9. a3 h6 10. Bxf6 Bxf6 11. b4 d6 12. e3 Qb6 13. Qe2 cxd4 14. cxd4 Rac8 15.
Rfc1 Nb8 16. Nb3 Be4 17. Nfd2 Bxg2 18. Kxg2 Qb7+ 19. Qf3 Qxf3+ 20. Kxf3 Nd7 21.
a4 Rxc1 22. Nxc1 e5 23. axb5 exd4 24. Rxa7 Ne5+ 25. Ke2 dxe3 26. fxe3 Rb8 27.
Ne4 Rxb5 28. Nxf6+ gxf6 29. Ra4 Kg7 30. Nd3 Kg6 31. h3 Rb8 32. Nf4+ Kf5 33. Nd5
Ke6 34. Ra5 f5 35. Nf4+ Kd7 36. Ra7+ Kc6 37. Ra6+ Kd7 38. Nd5 Ke6 39. Ra5 Nc4
40. Rb5 Rc8 41. Nf4+ Kf6 42. Nd5+ Ke6 43. Nf4+ Kf6 44. Rd5 Ra8 45. Nh5+ 1/2-1/2

[Event "Reykjavik Open 2018"]
[Site "Reykjavik ISL"]
[Date "2018.03.14"]
[Round "9.9"]
[White "Christiansen, Johan-Sebastian"]
[Black "Adly, Ahmed"]
[Result "1-0"]
[WhiteTitle "IM"]
[BlackTitle "GM"]
[WhiteElo "2486"]
[BlackElo "2643"]
[WhiteFideId "1512668"]
[BlackFideId "10601619"]
[EventDate "2018.03.06"]

1. e4 c5 2. c3 Nf6 3. e5 Nd5 4. d4 cxd4 5. Nf3 Nc6 6. cxd4 d6 7. Bc4 Nb6 8. Bb5
Bd7 9. Nc3 a6 10. Be2 Bf5 11. Nh4 Bd7 12. e6 Bxe6 13. d5 Nxd5 14. Nxd5 g5 15.
Nf3 h6 16. O-O Bg7 17. Be3 Rc8 18. Nb6 Rb8 19. Qa4 O-O 20. h4 gxh4 21. Qxh4 Bf5
22. Rad1 Bg6 23. Bd3 Bxd3 24. Rxd3 f5 25. Qc4+ Kh8 26. g3 f4 27. gxf4 Qe8 28.
Nh2 Bxb2 29. Kh1 Rg8 30. Qe6 Qh5 31. Rd5 Qh4 32. Qf5 Nb4 33. Qh5 Qxh5 34. Rxh5
Nxa2 35. f5 Rg7 36. Rxh6+ Rh7 37. Rxh7+ Kxh7 38. Nd5 b5 39. Nf3 b4 40. Kg2 Kg7
41. Nd4 a5 42. Rh1 Rh8 43. f6+ exf6 44. Nf5+ Kg6 45. Nde7+ Kf7 46. Rxh8 a4 47.
Nc6 a3 48. Nd8+ Kg6 49. Ne7+ Kg7 50. Rg8+ Kh7 51. Ne6 f5 52. Nf8# 1-0

[Event "Reykjavik Open 2018"]
[Site "Reykjavik ISL"]
[Date "2018.03.14"]
[Round "9.10"]
[White "L'Ami, Erwin"]
[Black "Loiseau, Quentin"]
[Result "1-0"]
[WhiteTitle "GM"]
[BlackTitle "IM"]
[WhiteElo "2634"]
[BlackElo "2427"]
[WhiteFideId "1007998"]
[BlackFideId "665274"]
[EventDate "2018.03.06"]

1. d4 d5 2. c4 c6 3. Nc3 Nf6 4. Nf3 e6 5. Bg5 dxc4 6. e4 b5 7. e5 h6 8. Bh4 g5
9. Nxg5 hxg5 10. Bxg5 Nbd7 11. g3 Bb7 12. Bg2 Qb6 13. exf6 O-O-O 14. O-O c5 15.
d5 b4 16. Na4 Qa6 17. b3 exd5 18. a3 d4 19. Bxb7+ Qxb7 20. axb4 c3 21. Bf4 Bh6
22. Bd6 Be3 23. Nxc5 Nxc5 24. bxc5 Qe4 25. Rxa7 Rdg8 26. Qa1 Qc6 27. Rc7+ 1-0

[Event "Reykjavik Open 2018"]
[Site "Reykjavik ISL"]
[Date "2018.03.14"]
[Round "9.11"]
[White "Antal, Tibor Kende"]
[Black "Can, Emre"]
[Result "0-1"]
[WhiteTitle "FM"]
[BlackTitle "GM"]
[WhiteElo "2419"]
[BlackElo "2603"]
[WhiteFideId "738581"]
[BlackFideId "6302181"]
[EventDate "2018.03.06"]

1. e4 c5 2. Nf3 e6 3. c3 Nf6 4. e5 Nd5 5. d4 cxd4 6. cxd4 b6 7. Bc4 Bb7 8. Bxd5
Bxd5 9. Nc3 Bb7 10. O-O Na6 11. d5 Bb4 12. Bg5 Qb8 13. Nb5 Bxd5 14. Qa4 Bb7 15.
Rfd1 Bc5 16. b4 Nxb4 17. Nd6+ Bxd6 18. Rxd6 Nc6 19. Rad1 h6 20. Qh4 Qc7 21. Qh5
Rf8 22. Bh4 g5 23. Bg3 O-O-O 24. Qxh6 g4 25. Nd2 Ne7 26. Qf4 Nf5 27. Rd3 Qc6 28.
f3 gxf3 29. Nxf3 Kb8 30. Bh4 Nxh4 31. Qxh4 Rg8 32. Qf4 Qc5+ 33. Kh1 Bc6 34. R3d2
Rg7 35. Nd4 Bb7 36. Nf3 Qc6 37. Rd6 Qc2 38. R6d2 Qc6 39. Rd6 Qc2 40. R6d2 Qg6
41. Qf6 Rdg8 42. Rf1 Qxf6 43. exf6 Rg6 44. h4 Rxf6 45. Rxd7 Rg4 46. Rd8+ Kc7 47.
Rh8 Bxf3 48. gxf3 Rg3 49. f4 Rg4 50. f5 Rxf5 51. Rxf5 exf5 52. h5 Kc6 53. h6 Kb5
54. Rh7 Rg6 55. Kh2 a5 56. Kh3 f4 57. Kh4 f3 58. Kh5 Rf6 59. Kg5 f2 60. Kxf6
f1=Q+ 61. Kg7 Qf5 62. Rh8 Qg6+ 63. Kf8 f5 64. h7 f4 0-1

[Event "Reykjavik Open 2018"]
[Site "Reykjavik ISL"]
[Date "2018.03.14"]
[Round "9.12"]
[White "Thavandiran, Shiyam"]
[Black "Grigoriants, Sergey"]
[Result "1/2-1/2"]
[WhiteTitle "IM"]
[BlackTitle "GM"]
[WhiteElo "2399"]
[BlackElo "2568"]
[WhiteFideId "2605058"]
[BlackFideId "4130804"]
[EventDate "2018.03.06"]

1. e4 c6 2. d4 d5 3. Nd2 dxe4 4. Nxe4 Bf5 5. Ng3 Bg6 6. Nh3 Nd7 7. Nf4 Ngf6 8.
Bc4 e5 9. Qe2 Qe7 10. Nxg6 hxg6 11. Be3 exd4 12. Bxd4 Qxe2+ 13. Bxe2 Bc5 14.
O-O-O Rh4 15. Bxc5 Nxc5 16. h3 Kf8 17. Bf3 Re8 18. Rhe1 Rxe1 19. Rxe1 Rf4 20.
Ne2 Rh4 21. Nc3 Rf4 22. Ne2 Rh4 23. Nc3 Rf4 1/2-1/2

[Event "Reykjavik Open 2018"]
[Site "Reykjavik ISL"]
[Date "2018.03.14"]
[Round "9.13"]
[White "Abrahamyan, Tatev"]
[Black "Brunello, Sabino"]
[Result "1/2-1/2"]
[WhiteTitle "WGM"]
[BlackTitle "GM"]
[WhiteElo "2369"]
[BlackElo "2542"]
[WhiteFideId "13301918"]
[BlackFideId "813613"]
[EventDate "2018.03.06"]

1. e4 c5 2. Nf3 e6 3. d4 cxd4 4. Nxd4 Nc6 5. Nc3 Qc7 6. f4 a6 7. Nxc6 bxc6 8.
Bd3 d5 9. O-O Nf6 10. Qe2 Be7 11. Kh1 c5 12. b3 Bb7 13. Bb2 O-O 14. Rae1 c4 15.
bxc4 dxe4 16. Nxe4 Nxe4 17. Bxe4 Bxe4 18. Qxe4 Rac8 19. Rf3 Qxc4 20. Qe5 f6 21.
Qxe6+ Qxe6 22. Rxe6 Rxc2 23. Rxe7 Rxb2 24. h4 Rxa2 25. Rg3 g6 26. h5 Rf7 27.
Re8+ Kg7 28. hxg6 hxg6 29. f5 g5 30. Rh3 Ra4 31. Reh8 Rh4 32. R8xh4 gxh4 33.
Rxh4 Ra7 34. Rg4+ Kf7 35. Ra4 a5 36. Kh2 Ke7 37. g4 Kd6 38. Kg3 Kc5 39. g5 fxg5
40. Kg4 Kb5 41. Ra1 a4 42. Kxg5 Kb4 1/2-1/2

[Event "Reykjavik Open 2018"]
[Site "Reykjavik ISL"]
[Date "2018.03.14"]
[Round "9.14"]
[White "Moradiabadi, Elshan"]
[Black "Shailesh, Dravid"]
[Result "1-0"]
[WhiteTitle "GM"]
[BlackTitle "FM"]
[WhiteElo "2535"]
[BlackElo "2246"]
[WhiteFideId "12501255"]
[BlackFideId "25017969"]
[EventDate "2018.03.06"]

1. Nf3 Nf6 2. g3 g6 3. b3 Bg7 4. Bb2 O-O 5. Bg2 d6 6. d4 c5 7. O-O cxd4 8. Nxd4
d5 9. c4 dxc4 10. bxc4 Qb6 11. Qc2 Nc6 12. c5 Qa6 13. Nd2 Rd8 14. e3 Bd7 15.
Rfd1 Rac8 16. Qc4 Qa5 17. N2b3 Qc7 18. Nb5 Qb8 19. Qf4 Qxf4 20. gxf4 a6 21. N5d4
Nxd4 22. Bxd4 Bc6 23. Na5 Bxg2 24. Kxg2 Ne4 25. Nxb7 Rd7 26. Rab1 Rcc7 27. Na5
Bxd4 28. exd4 Nc3 29. Rb8+ Kg7 30. Rd2 Rxc5 31. dxc5 Rxd2 32. a3 Ne4 33. c6
Rxf2+ 34. Kg1 Rc2 35. Rb6 Ra2 36. c7 Rc2 37. Rc6 Rxc6 38. Nxc6 Nd6 39. Nxe7 Kf6
40. c8=Q Nxc8 41. Nxc8 Kf5 42. Nd6+ Kxf4 43. Nxf7 h5 44. Kg2 g5 45. Nd8 Ke5 46.
Kg3 Kd5 47. Nf7 Kc4 48. Nxg5 a5 49. Ne4 Kb3 50. Nc5+ Kc4 51. Nb7 a4 52. Kh4 1-0

[Event "Reykjavik Open 2018"]
[Site "Reykjavik ISL"]
[Date "2018.03.14"]
[Round "9.15"]
[White "Bisby, Daniel L"]
[Black "Abdusattorov, Nodirbek"]
[Result "0-1"]
[WhiteTitle "FM"]
[BlackTitle "IM"]
[WhiteElo "2339"]
[BlackElo "2518"]
[WhiteFideId "404586"]
[BlackFideId "14204118"]
[EventDate "2018.03.06"]

1. Nf3 Nf6 2. g3 b5 3. Bg2 Bb7 4. O-O e6 5. d3 d6 6. e4 c5 7. Nbd2 Nbd7 8. h3
Be7 9. Nh2 d5 10. Qe2 d4 11. f4 e5 12. Ndf3 Qc7 13. f5 h6 14. g4 g5 15. a4 a6
16. Bd2 c4 17. axb5 axb5 18. Rxa8+ Bxa8 19. h4 gxh4 20. Ra1 Bb7 21. Be1 Rg8 22.
Nxh4 cxd3 23. cxd3 Qd8 24. Kf1 b4 25. Bf3 Qb6 26. Bd2 Nc5 27. Ng2 Ba6 28. Ne1
Nfd7 29. g5 Bxg5 30. Bxg5 Rxg5 31. Ng4 h5 32. Nf2 Nf6 33. Qc2 h4 34. Rc1 Nfd7
35. Bg4 Nxe4 36. Nxe4 Rxg4 37. Qe2 Rf4+ 38. Kg1 Qh6 39. Rc7 h3 40. Nf3 Qg7+ 41.
Kh2 Rxe4 0-1

[Event "Reykjavik Open 2018"]
[Site "Reykjavik ISL"]
[Date "2018.03.14"]
[Round "9.16"]
[White "Praggnanandhaa, R"]
[Black "Navalgund, Niranjan"]
[Result "1-0"]
[WhiteTitle "IM"]
[WhiteElo "2507"]
[BlackElo "2275"]
[WhiteFideId "25059530"]
[BlackFideId "5030854"]
[EventDate "2018.03.06"]

1. Nf3 d5 2. g3 c6 3. Bg2 Bg4 4. O-O Nd7 5. h3 Bxf3 6. Bxf3 e5 7. d3 Ngf6 8. Bg2
Bc5 9. e4 dxe4 10. dxe4 O-O 11. Nd2 Qc7 12. Qe2 Rfe8 13. a4 a5 14. Nf3 Bf8 15.
Nh4 g6 16. b3 Nc5 17. Bb2 Bg7 18. Qc4 b6 19. Rae1 Rad8 20. Re2 Rd7 21. Nf3 Rdd8
22. Rfe1 Nfd7 23. Rd2 Bh6 24. Rdd1 Bg7 25. h4 Rb8 26. Ng5 Nf8 27. Ba3 Nb7 28.
Bh3 Rbd8 29. h5 Bf6 30. Nf3 Ne6 31. Rxd8 Nbxd8 32. c3 Nb7 33. Rd1 Rd8 34. Rxd8+
Nexd8 35. Qa6 Kg7 36. Bg4 Nc5 37. Bxc5 bxc5 38. Kg2 Be7 39. Nd2 Qd6 40. Qa7 Bf6
41. Qd7 Qb8 42. Qc8 Qd6 43. Qd7 Qb8 44. Nc4 Qxb3 45. Nd6 Bg5 46. Qe8 Bf6 47. h6+
Kxh6 48. Qf8+ Kg5 49. Ne8 Qb8 50. Qxc5 Kxg4 51. Qe3 Bh8 52. f3+ Kh5 53. g4+ 1-0

[Event "Reykjavik Open 2018"]
[Site "Reykjavik ISL"]
[Date "2018.03.14"]
[Round "9.17"]
[White "Gledura, Benjamin"]
[Black "Thorgeirsson, Jon Kristinn"]
[Result "1-0"]
[WhiteTitle "GM"]
[BlackTitle "FM"]
[WhiteElo "2632"]
[BlackElo "2298"]
[WhiteFideId "712779"]
[BlackFideId "2307731"]
[EventDate "2018.03.06"]

1. b3 d5 2. Bb2 Nf6 3. Nf3 Bf5 4. g3 e6 5. Bg2 Be7 6. c4 c6 7. O-O O-O 8. d3
Nbd7 9. Nbd2 Qa5 10. a3 Rfd8 11. Nh4 Bg6 12. Nxg6 hxg6 13. Qc2 b5 14. b4 Qa6 15.
c5 Qc8 16. Nb3 Re8 17. e4 Bd8 18. Bc3 e5 19. exd5 cxd5 20. a4 Qc6 21. axb5 Qxb5
22. Rfb1 a5 23. d4 a4 24. Nd2 exd4 25. Bxd4 Re2 26. Bf1 Ne4 27. Nxe4 1-0

[Event "Reykjavik Open 2018"]
[Site "Reykjavik ISL"]
[Date "2018.03.14"]
[Round "9.18"]
[White "Kumar, Nikhil"]
[Black "Lenderman, Aleksandr"]
[Result "1/2-1/2"]
[WhiteTitle "FM"]
[BlackTitle "GM"]
[WhiteElo "2277"]
[BlackElo "2600"]
[WhiteFideId "30909040"]
[BlackFideId "2021285"]
[EventDate "2018.03.06"]

1. d4 Nf6 2. Nf3 g6 3. e3 Bg7 4. Be2 O-O 5. O-O b6 6. c4 Bb7 7. Nc3 e6 8. b3 Ne4
9. Nxe4 Bxe4 10. Bb2 d6 11. Nd2 Bb7 12. Qc2 Nd7 13. Rad1 Qe7 14. Bf3 Bxf3 15.
Nxf3 a5 16. Rfe1 Rfe8 17. h3 Ra7 18. Re2 a4 19. b4 c6 20. a3 b5 21. cxb5 cxb5
22. Qd3 Rb8 23. d5 e5 24. e4 Qe8 25. Rc2 Nb6 26. Bc1 Nc4 27. Nd2 Nb6 28. Nf3 Nc4
29. Nd2 Nb6 30. Nf3 Nc4 1/2-1/2